15 Ciudades más pobladas de Asia (con un mapa) - Estadísticas

Estadísticas generales
  • Esta prueba ha sido intentada 6.354 veces
    1.834 desde el último reinicio
  • La puntuación promedio es 11 de 15
Respuestas en el mapa
Las respuestas están codificadas por una escala verde-roja en el mapa de la prueba según el % correcto abajo.
 
Estadísticas de respuestas
Población Ciudad % Correcto
41,2 M Tokio
99%
21,5 M Pekín
97%
25,2 M Seúl
95%
27,8 M Manila
85%
21,8 M Bangkok
84%
41,6 M Shanghái
83%
29,5 M Yakarta
80%
35,7 M Delhi
77%
17,7 M Osaka
75%
27,6 M Mumbai
72%
23,1 M Daca
69%
17,9 M Calcuta
61%
72,7 M Cantón / Shenzhen
59%
21,0 M Karachi
47%
18,1 M Chengdu
27%
No se encontraron pruebas coincidentes
Distribución de puntuación
Porcentaje de gente con cada puntuación
Porcentaje por número respondido
Historial de tus puntuaciones
No has intentado esta prueba desde el último reinicio